Quizzes
Events
Quiz Creation
Community
Videos
Private Events
Remove Ads
Sign In
Join for FREE
Feedback
Dark Mode
Quiz Categories
Sports
Geography
Music
Movies
Television
Just For Fun
Miscellaneous
History
Literature
Language
Science
Gaming
Entertainment
Religion
Holiday
For Kids
Quiz Lab
Recent
Popular Today
Quiz Kudos Today
Editor Picks
Curator Picks
Quizzes by...
Day
Popularity
Type
Ratings
Length
Year
Community
Subscriptions
Recent Discussions
Orange Saloon
Badges
Playlists
Quests
Create
Leaderboards
Showdown
Live 5
Trivia Bingo
Activity
Puzzle Library
Sporcle Events
Private Events
Virtual Trivia
Globe League
Become a Host
Pub Owners
SporcleCon
Opinionation
Our Games
Videos
Blog
Mobile Apps
Partnerships
Remove Ads and Go Orange
Feedback
Religion
Mythology
Religious Music
World Religions
Bible
Christianity
Catholicism
Judaism
Church
Scripture
Islam
Verse
Religion
Mythology
Religious Music
World Religions
Bible
Christianity
Catholicism
Judaism
Church
Scripture
Islam
Verse
Random Quiz
Search Sporcle
×
Quiz Lab
Quiz Lab
Religion
Country
Type in answers that appear in a list
Type in answers that appear in a list
Classic
Best Score? Go Orange.
Religious Countries Stats
Can you name the top ten least and most religious countries?
By
peoplesmm
6m
22 Questions
547 Plays
547 Plays
547 Plays
Comments
Comments
Give Quiz Kudos
Give Quiz Kudos
-
- Ratings
hide this ad
Replay
Link that replays current quiz
Next Quiz
Link to next quiz in quiz playlist
You Got
0%
They Got
Avg Score
32%
Avg Friend Score
Upgrade to see
Score Distribution
Jump to the score distribution portion of the page
Score
0/22
Timer
06:00
0
Plays Today
% Religious
Country
% Correct
17
Sweden
68.6%
20
Norway
64.7%
25
France
60.3%
25
Japan
58.3%
18
Denmark
58.3%
100
Egypt
50.3%
98
Indonesia
41.5%
14
Estonia
38.4%
98
United Arab Emirates
36.9%
21
Czech Republic
35.5%
98
Morocco
34.2%
% Religious
Country
% Correct
99
Bangladesh
25.2%
27
Belarus
22.3%
99
Sri Lanka
20.8%
27
Mongolia
19.6%
21
Azerbaijan
16.1%
98
Senegal
13.5%
98
Djibouti
11.2%
98
Malawi
10.6%
98
Sierra Leone
9.5%
22
Hong Kong
5.3%
98
Congo
4.6%
Quiz Playlist
Details
Report
Send in Message
Add To Playlist
Classic:
Type in answers that appear in a list
Quiz Source
Last Updated: Feb 16, 2017
Quiz Scoreboard
CHALLENGE
Sign Up to Join the Scoreboard
Show All
Scores
Hide
Comments
May contain spoilers
Recently Published
Alphabetical 'K' Countries by Flag Minefield
by ylime102
Geography
3m
Pick 6: Fruits
by JohnFran
Miscellaneous
15s
Click the 1999 NBA Draft
by nibperrychub
Sports
2m
More to Explore
Quiz From the Vault
Featured Blog Post
15 Basketball Trivia Facts You Can Be March Mad About
hide this ad
You Might Also Like...
Tags
Country Quiz
least
ten
Today's Top Quizzes in Religion
Browse Religion
hide this ad
Today's Top Quizzes in Country
Browse Country
Top Contributed Quizzes in Religion
1
Mythology in Media: Gabriel
2
Dante's Inferno: Sinner/Punishment Match!
3
Mythology in Media: Freya
4
Quick Pick: Continental Religions
5
Latter-day Saint Mystery Hymn 8
6
Every 'M' Bible Name by Any 3 Letters
7
Every 'R' Bible Name by Any 3 Letters
8
Every 'S' Bible Name by Any 3 Letters
9
Follow That Line: Easter Verses
10
Most Popular Saints
Explore More
Trending Topics
Crossword
Harry Potter
NBA
Kpop
Marvel
Disney
Anime
Soccer
Pokémon
Puzzle
NFL
Country
Song
The Office
WWE
hide this ad
More By:
peoplesmm
Quiz
Plays
Rating
Category
Featured
Created
Friends (A-Z) II
426,174
3.98
Television
Oct 11, 2009
Where in the World Is Harry Potter!?
95,865
4.34
Literature
Nov 11, 2009
F.R.I.E.N.D.S Milestones
8,755
3.61
Television
Nov 4, 2009
Home Alone
7,544
4.11
Movies
Nov 14, 2009
The One With All The Secrets
6,750
4.16
Television
Mar 15, 2010
Go to Creator's Profile
Score Distribution
Quiz Creator Spotlight
peoplesmm
Follow
Send a Message
Quizzes Created
-
Created Quiz Play Count
-
More By This Creator
Popular Quizzes Today
1
Find the US States - No Outlines Minefield
2
Countries of Asia Without Outlines Minefield
3
Pick 6: Fruits
4
Alphabetical 'K' Countries by Flag Minefield
5
The Countries of the World
6
Click the 1999 NBA Draft
7
Find the US States
8
Match the Book to the Film X
More Religion Quizzes
Complete the Christmas Gospel With Harry Potter
Editor's Pick
Trending Quizzes
Pick 6: Harry Potter
Pick 6: Golfers
Pick 6: Movie Franchises
Pick 6: Foods
Pick 6: Landmarks
Recently Updated
Women's Final Four Teams by Year
bhenderson79
Presidents Quartet II
eogle
Anything But Clue(do)
eogle
Anything But Oceanian Capitals
eogle
Anything But 7
eogle
Anything But Thing
eogle
Word Ladder: February 29
pecheneg
Song Title Questions
pecheneg
Women's NCAA Tournament #1 Seeds
pecheneg
Celebrity Mug Shots
pecheneg
Trending Topics
Crossword
Marvel
NBA
Disney
Kpop
Anime
Harry Potter
Puzzle
Song
Country
NFL
WWE
Pokémon
The Office
Soccer
Your Account Isn't Verified!
In order to create a playlist on Sporcle, you need to verify the email address you used during registration. Go to your
Sporcle Settings
to finish the process.
Report this User
Report this user for behavior that violates our
Community Guidelines
.
Details:
Send Report
Go to the Sporcle.com Mobile Site →
Comments